|
|
|
|
| LEADER |
01927nam a2200457 i 4500 |
| 001 |
EBC4804225 |
| 003 |
MiAaPQ |
| 005 |
20200520144314.0 |
| 006 |
m o d | |
| 007 |
cr cnu|||||||| |
| 008 |
170224t20172017gw a ob 001 0 ger d |
| 020 |
|
|
|z 9783110413892
|
| 020 |
|
|
|a 9783110413908
|q (electronic bk.)
|
| 020 |
|
|
|a 9783110423815
|q (electronic bk.)
|
| 035 |
|
|
|a (MiAaPQ)EBC4804225
|
| 035 |
|
|
|a (Au-PeEL)EBL4804225
|
| 035 |
|
|
|a (CaPaEBR)ebr11344766
|
| 035 |
|
|
|a (CaONFJC)MIL984117
|
| 035 |
|
|
|a (OCoLC)973835465
|
| 040 |
|
|
|a MiAaPQ
|b eng
|e rda
|e pn
|c MiAaPQ
|d MiAaPQ
|
| 050 |
|
4 |
|a U168
|b .P586 2017
|
| 082 |
0 |
|
|a 355.411
|2 23
|
| 100 |
1 |
|
|a Plumer, Thomas,
|e author.
|
| 245 |
1 |
0 |
|a Produktions- und Logistikmanagement /
|c Thomas Plumer, Egbert Steinfatt.
|
| 250 |
|
|
|a 2. Auflage.
|
| 264 |
|
1 |
|a Berlin, [Germany] ;
|a Boston, [Massachusetts] :
|b De Gruyter Oldenbourg,
|c 2017.
|
| 264 |
|
4 |
|c 2017
|
| 300 |
|
|
|a 1 online resource (290 pages) :
|b illustrations
|
| 336 |
|
|
|a text
|2 rdacontent
|
| 337 |
|
|
|a computer
|2 rdamedia
|
| 338 |
|
|
|a online resource
|2 rdacarrier
|
| 504 |
|
|
|a Includes bibliographical references and index.
|
| 588 |
|
|
|a Description based on online resource; title from PDF title page (ebrary, viewed February 24, 2017).
|
| 590 |
|
|
|a Electronic reproduction. Ann Arbor, MI : ProQuest, 2016. Available via World Wide Web. Access may be limited to ProQuest affiliated libraries.
|
| 650 |
|
0 |
|a Logistics Management.
|
| 650 |
|
0 |
|a Logistics
|x Management
|v Handbooks, manuals, etc.
|
| 655 |
|
4 |
|a Electronic books.
|
| 700 |
1 |
|
|a Steinfatt, Egbert,
|e author.
|
| 776 |
0 |
8 |
|i Print version:
|a Plumer, Thomas.
|t Produktions- und Logistikmanagement.
|b 2. Auflage.
|d Berlin, [Germany] ; Boston, [Massachusetts] : De Gruyter, c2017
|h xvii, 271 pages
|z 9783110413892
|
| 797 |
2 |
|
|a ProQuest (Firm)
|
| 856 |
4 |
0 |
|u https://ebookcentral.proquest.com/lib/matrademy/detail.action?docID=4804225
|z Click to View
|